Statistiques concernant Sommets les plus hauts par continent

Cliquez ici pour prendre le quiz!

Statistiques générales

  • Ce quiz a été pris 31 fois
  • Le résultat moyen est 10 sur 70

Statistiques - réponses

GroupAltitude (m)SommetPays% Correct
Asie8 611K2Karakoram
86%
Europe4 809Mont BlancFrance /  Italie
86%
Amérique du Sud6 962AconcaguaArgentine
82%
Asie8 849EverestHimalaya
82%
Océanie5 892Kilimandjaro - KiboTanzanie
75%
Afrique5 149Kilimandjaro - MawenziTanzanie
75%
Europe5 642ElbrouzRussie
57%
Amérique du nord et centrale6 190DenaliÉtats-Unis
54%
Asie8 091Annapurna IHimalaya
36%
Afrique5 199Mont KenyaKenya
32%
Amérique du nord et centrale5 959Mont LoganCanada
21%
Antartique4 892Massif VinsonAntartique
18%
Océanie4 884Puncak JayaIndonésie
18%
Asie8 516LhotseHimalaya
14%
Asie8 167Dhaulagiri IHimalaya
7%
Asie8 126Nanga ParbatHimalaya
7%
Amérique du Sud6 893Nevado Ojos del SaladoArgentine /  Chili
7%
Amérique du nord et centrale5 675Pic d'OrizabaMexique
7%
Europe4 634Pointe DufourSuisse
7%
Amérique du nord et centrale5 426PopocatepetlMexique
7%
Océanie4 640Puncak MandalaIndonésie
7%
Océanie4 750Puncak TrikoraIndonésie
7%
Océanie4 870SumantriIndonésie
7%
Océanie4 820Carstensz OrientalIndonésie
4%
Amérique du Sud6 759Cerro Bonete ChicoArgentine
4%
Europe5 193ChkharaGéorgie /  Russie
4%
Asie8 188Cho OyuHimalaya
4%
Europe4 780DjimaraGéorgie /  Russie
4%
Europe5 205Dykh-TaouRussie
4%
Amérique du Sud6 664Huascarán NortePérou
4%
Amérique du Sud6 768Huascarán SurPérou
4%
Amérique du nord et centrale5 230IztaccíhuatlMexique
4%
Asie8 586KangchenjungaHimalaya
4%
Europe5 150Kochtan-TaouRussie
4%
Amérique du Sud6 739LlullaillacoArgentine /  Chili
4%
Asie8 485MakaluHimalaya
4%
Asie8 163ManasluHimalaya
4%
Amérique du Sud6 720MercedarioArgentine
4%
Afrique4 844Mont BakerOuganda
4%
Antartique4 368Mont CraddockAntartique
4%
Antartique4 480Mont ElizabethAntartique
4%
Afrique4 798Mont EminRépublique démocratique du Congo
4%
Amérique du Sud6 793Monte PissisArgentine
4%
Antartique4 602Mont EpperlyAntartique
4%
Amérique du nord et centrale5 304Mont ForakerÉtats-Unis
4%
Antartique4 587Mont GardnerAntartique
4%
Afrique4 715Mont GessiOuganda
4%
Europe5 047Mont KazbekGéorgie
4%
Antartique4 528Mont KirkpatrickAntartique
4%
Amérique du nord et centrale5 240Mont LucaniaCanada
4%
Antartique4 351Mont MarkhamAntartique
4%
Afrique4 565Mont MéruTanzanie
4%
Antartique4 477Mont RutfordAntartique
4%
Amérique du nord et centrale5 489Mont Saint-ÉlieCanada /  États-Unis
4%
Antartique4 661Mont ShinnAntartique
4%
Afrique4 890Mont SpekeOuganda
4%
Afrique5 109Mont StanleyRépublique démocratique du Congo /  Ouganda
4%
Amérique du nord et centrale5 073Mont SteeleCanada
4%
Antartique4 852Mont TyreeAntartique
4%
Océanie4 862Nga PuluIndonésie
4%
Océanie4 717Ngga PilimsitIndonésie
4%
Europe4 649OuilpataRussie
4%
Amérique du nord et centrale5 173Pic KingCanada
4%
Océanie4 600Pic WollastonIndonésie
4%
Afrique4 550Ras DashanÉthiopie
4%
Europe4 618TikhtengenGéorgie /  Russie
4%
Amérique du Sud6 748Tres Cruces SurArgentine /  Chili
4%
Amérique du Sud6 658Walter Penck IArgentine
4%
Océanie4 581Mont DavidIndonésie
0%
Océanie4 595Mont YaminIndonésie
0%

Distribution des résultats

Percentile par nombre de réponses

% des personnes avec chaque résultat

Votre développement - résultats

Vous n’avez pas pris ce quiz